Echelle de mots : de Noir à Blanc - Statistiques

Statistiques générales
  • Ce quiz a été pris 307 fois
  • Le résultat moyen est 26 sur 32
Statistiques - réponses
Hint Réponse % Correct
Couleur de la nuit profonde Noir
100%
Inverse de matin Soir
99%
Action de pistolet Tir
97%
Animal des égouts Rat
96%
Monsieur en anglais(enlevez 1 lettre) Sir
96%
Père en anglais (enlevez 1 lettre) Dad
94%
Coule d'un volcan Lave
93%
On y range le vin Cave
92%
Couleur pure Blanc
91%
L'abeille en possède Dard
91%
(10x20)/2 Cent
90%
Geste très populaire en 2016 Dab
90%
Reste de nourriture à la cantine Rab
90%
Inverse de pousse(ajoutez 1 lettre) Tire
90%
Organe qui s'occupe du sang(ajoutez 1 lettre) Rate
89%
Après minuit Tard
89%
Remettre la balance à zéro Tare
89%
Femelle du canard Cane
87%
Certains chien en ont beaucoup Bave
85%
Objet pour s'assoir(enlevez 1 lettre) Banc
84%
Déterinant démonstratif(enlevez 1 lettre) Cet
83%
En retard Late
80%
Abréviation méthamphétamine Met
80%
Elle change tous les jours Date
79%
Gros ___ Lard
78%
Repas de JC Cene
76%
Groupe de Intagram, Facebook(ajoutez 1 lettre) Meta
76%
Exclu Bani
62%
Favorisé par le sort Béni
45%
Effectua une enquête Mena
45%
Refus d'avouer Déni
44%
Combattant UFC: Paul ___ Dena
40%
Aucun quiz correspondant
Distribution des résultats
% des personnes avec chaque résultat
Percentile par nombre de réponses
Votre historique - résultats
Vous n’avez pas pris ce quiz